[Event "Fortaleza Cearense-ch"]
[Site "Fortaleza"]
[Date "2021.??.??"]
[Round "1"]
[White "Freitas, Sophia Brasil"]
[Black "Mousse Neto, Sebastiao Alberto"]
[Result "0-1"]
[WhiteElo "1362"]
[BlackElo "2101"]
[PlyCount "46"]
[EventDate "2021.11.12"]
[EventType "swiss"]
[EventRounds "7"]
[EventCountry "BRA"]
[SourceTitle "CBM 205 Extra"]
[Source "ChessBase"]
[SourceDate "2022.01.31"]
[SourceVersion "1"]
[SourceVersionDate "2022.01.31"]
[SourceQuality "1"]

1. c4 c5 2. Nc3 g6 3. Nf3 Bg7 4. g3 Nc6 5. Bg2 e5 6. 0-0 Nge7 7. d3 0-0 8. Bd2 d6 9. Rb1 h6 10. a3 Be6 11. b4 Qd7 12. Qa4 Rab8 13. bxc5 dxc5 14. Rb2 Bh3 15. Rfb1 Bxg2 16. Kxg2 b6 17. Qb5 f5 18. Ne1 e4 19. Rb3 Qe6 20. Nc2 Rbd8 21. Na4 exd3 22. Rxd3 Rxd3 23. exd3 Qe2 0-1

[Event "BRA-ch 85th sf Reg2"]
[Site "Manaus"]
[Date "2018.11.01"]
[Round "1"]
[White "Mousse Neto, Sebastiao Alberto"]
[Black "Dos Santos, Wesley Cesar Reis"]
[Result "1-0"]
[WhiteElo "2084"]
[BlackElo "1674"]
[PlyCount "95"]
[EventDate "2018.11.01"]
[EventType "swiss"]
[EventRounds "7"]
[EventCountry "BRA"]
[SourceTitle "CBM 189 Extra"]
[Source "ChessBase"]
[SourceDate "2019.06.03"]
[SourceVersion "1"]
[SourceVersionDate "2019.06.03"]
[SourceQuality "1"]

1. e4 c5 2. Nf3 d6 3. Bb5+ Bd7 4. Bxd7+ Qxd7 5. 0-0 Nc6 6. c4 Nf6 7. Nc3 e6 8. d4 cxd4 9. Nxd4 Be7 10. Bg5 0-0 11. Qd2 Ne5 12. b3 h6 13. Be3 Neg4 14. h3 Nxe3 15. Qxe3 a6 16. Rad1 Qc7 17. f4 e5 18. Nf5 Kh7 19. Kh1 Rfd8 20. Qg3 Bf8 21. Qh4 Qc6 22. Nxh6 gxh6 23. Qxf6 Bg7 24. Qf5+ Kh8 25. Qxf7 exf4 26. Nd5 Rf8 27. Qg6 Rae8 28. Rde1 Re5 29. Rxf4 Rxf4 30. Nxf4 Qd7 31. Rd1 Rg5 32. Rxd6 Qc8 33. Qe6 Qf8 34. h4 Qxf4 35. Rd8+ Kh7 36. hxg5 Qh4+ 37. Qh3 Qe1+ 38. Kh2 Be5+ 39. g3 Qe2+ 40. Qg2 Qh5+ 41. Kg1 Qxg5 42. Rd7+ Kg6 43. Qf3 Qc1+ 44. Rd1 Bd4+ 45. Kg2 Qc2+ 46. Kh3 Qb2 47. Qf5+ Kg7 48. Qd7+ 1-0

[Event "Manaus Regional Norte-ch"]
[Site "Manaus"]
[Date "2017.09.08"]
[Round "3"]
[White "Leite, Thales Ferreira"]
[Black "Mousse Neto, Sebastiao Alberto"]
[Result "1/2-1/2"]
[WhiteElo "1853"]
[BlackElo "2091"]
[PlyCount "110"]
[EventDate "2017.09.07"]
[EventType "swiss"]
[EventRounds "7"]
[EventCountry "BRA"]
[SourceTitle "CBM 180 Extra"]
[Source "ChessBase"]
[SourceDate "2017.10.06"]
[SourceVersion "1"]
[SourceVersionDate "2017.10.06"]
[SourceQuality "1"]

1. e4 c5 2. Nf3 e6 3. d4 cxd4 4. Nxd4 Nc6 5. Nc3 Qc7 6. Be3 a6 7. Qd2 Nf6 8. f3 Bb4 9. a3 Be7 10. h4 b5 11. Bf4 e5 12. Nxc6 dxc6 13. Be3 Be6 14. g4 Rd8 15. Qf2 c5 16. h5 h6 17. Be2 Nh7 18. 0-0 Ng5 19. Kg2 0-0 20. Rfd1 Rc8 21. a4 b4 22. Nd5 Bxd5 23. Rxd5 c4 24. Rad1 Rfe8 25. Bb6 Qc6 26. Rxe5 Qxa4 27. Bf1 Qc6 28. Red5 Ne6 29. Be3 Bf6 30. e5 Bg5 31. Rd6 Qa8 32. Kg3 Bxe3 33. Qxe3 a5 34. Bg2 a4 35. f4 Qb8 36. Bc6 Re7 37. Bxa4 Nc5 38. Qxc5 Rxc5 39. Rd8+ Qxd8 40. Rxd8+ Kh7 41. Rb8 c3 42. Rxb4 cxb2 43. Rxb2 Rc3+ 44. Kf2 Rc4 45. Bb5 Rxf4+ 46. Kg3 Rd4 47. Bd3+ g6 48. hxg6+ fxg6 49. Rb6 Rg7 50. Rf6 Ra4 51. e6 Ra5 52. Kf4 Rg5 53. Bc4 Rc7 54. Bb3 Kg7 55. Rf7+ Rxf7+ 1/2-1/2

[Event "Manaus Regional Norte-ch"]
[Site "Manaus"]
[Date "2017.09.07"]
[Round "1"]
[White "Presa, Luis Alberto Passos"]
[Black "Mousse Neto, Sebastiao Alberto"]
[Result "0-1"]
[WhiteElo "1728"]
[BlackElo "2091"]
[PlyCount "66"]
[EventDate "2017.09.07"]
[EventType "swiss"]
[EventRounds "7"]
[EventCountry "BRA"]
[SourceTitle "CBM 180 Extra"]
[Source "ChessBase"]
[SourceDate "2017.10.06"]
[SourceVersion "1"]
[SourceVersionDate "2017.10.06"]
[SourceQuality "1"]

1. d4 Nf6 2. Nf3 e6 3. e3 b6 4. Nbd2 Bb7 5. Bd3 d5 6. 0-0 Bd6 7. c3 Nbd7 8. Qc2 0-0 9. e4 dxe4 10. Nxe4 Nxe4 11. Bxe4 Bxe4 12. Qxe4 h6 13. c4 c5 14. Be3 Qc7 15. Rac1 Rae8 16. Qh4 f5 17. Rfe1 a6 18. b3 f4 19. Bd2 cxd4 20. Nxd4 e5 21. Nf3 Nc5 22. Rcd1 e4 23. Nd4 Nd3 24. Re2 Bc5 25. Bc3 Qd6 26. Nc2 Qg6 27. Qh3 Nxf2 28. Rxf2 e3 29. Nxe3 fxe3 30. Re2 Rf2 31. Rxf2 exf2+ 32. Kf1 Qc2 33. Qd3 Re1+ 0-1

[Event "Manaus Amazonia-ch"]
[Site "Manaus"]
[Date "2017.04.15"]
[Round "4"]
[White "Mousse Neto, Sebastiao Alberto"]
[Black "Arenillas, Ramses"]
[Result "1-0"]
[WhiteElo "2113"]
[BlackElo "1906"]
[PlyCount "75"]
[EventDate "2017.04.13"]
[EventType "swiss"]
[EventRounds "7"]
[EventCountry "BRA"]
[SourceTitle "CBM 177 Extra"]
[Source "ChessBase"]
[SourceDate "2017.04.27"]
[SourceVersion "1"]
[SourceVersionDate "2017.04.27"]
[SourceQuality "1"]

1. d4 Nf6 2. c4 g6 3. Nc3 d5 4. Bf4 Bg7 5. e3 0-0 6. Nf3 c5 7. dxc5 dxc4 8. Qxd8 Rxd8 9. Bxc4 Nbd7 10. Rd1 Rf8 11. b4 Nh5 12. Nd5 Nxf4 13. exf4 Kh8 14. 0-0 e6 15. Ne7 Nf6 16. Ne5 Bh6 17. g3 Kg7 18. Nxc8 Raxc8 19. Rd6 Rc7 20. Re1 Rfc8 21. a4 Ne8 22. Rd4 Kf8 23. Red1 Nf6 24. a5 a6 25. c6 bxc6 26. Bxa6 Ra8 27. Be2 Nd5 28. Rc4 c5 29. Bf3 Raa7 30. Bxd5 exd5 31. Rxc5 Rxc5 32. bxc5 Rxa5 33. Rxd5 Ke8 34. Kg2 Bf8 35. Nc6 Ra8 36. Nd4 Ra5 37. Re5+ Be7 38. Rxe7+ 1-0

[Event "Amazonense-ch"]
[Site "Manaus"]
[Date "2016.10.19"]
[Round "5.1"]
[White "Mousse Neto, Sebastiao Alberto"]
[Black "Souza Neves, Andrey Marcelo"]
[Result "0-1"]
[WhiteElo "2112"]
[BlackElo "2200"]
[PlyCount "68"]
[EventDate "2016.10.15"]
[EventType "tourn"]
[EventRounds "8"]
[EventCountry "BRA"]
[SourceTitle "EXT 2022"]
[Source "ChessBase"]
[SourceDate "2021.10.06"]
[SourceVersion "1"]
[SourceVersionDate "2021.10.06"]
[SourceQuality "1"]

1. d4 Nf6 2. c4 e6 3. Nc3 Bb4 4. e3 c5 5. Nge2 cxd4 6. exd4 0-0 7. a3 Be7 8. Nf4 d5 9. Be3 Nc6 10. cxd5 exd5 11. Be2 Bf5 12. g4 Be4 13. Rg1 h6 14. h4 Nh7 15. h5 Ng5 16. f3 Bh7 17. Nfxd5 Re8 18. Kf1 Bf6 19. Nxf6+ Qxf6 20. Bxg5 hxg5 21. Kg2 Nxd4 22. Bd3 Bxd3 23. Qxd3 Rad8 24. Rae1 Ne6 25. Qc2 Nf4+ 26. Kh1 Qc6 27. Rxe8+ Rxe8 28. Rf1 Ne2 29. Kg2 Qc7 30. Qxe2 Rxe2+ 31. Nxe2 Qc2 32. Rf2 Qxb2 33. a4 Qb4 34. Ng3 Qxa4 0-1

[Event "Manaus Amazonas-ch"]
[Site "Manaus"]
[Date "2016.09.11"]
[Round "4"]
[White "Mousse Neto, Sebastiao Alberto"]
[Black "Farias, Sergio Luiz Cardoso"]
[Result "1-0"]
[WhiteElo "2116"]
[BlackElo "1558"]
[PlyCount "65"]
[EventDate "2016.09.09"]
[EventType "swiss"]
[EventRounds "7"]
[EventCountry "BRA"]
[SourceTitle "CBM 174 Extra"]
[Source "ChessBase"]
[SourceDate "2016.10.10"]
[SourceVersion "1"]
[SourceVersionDate "2016.10.10"]
[SourceQuality "1"]

1. d4 Nf6 2. c4 c6 3. Nf3 d6 4. Nc3 Nbd7 5. Bf4 Nh5 6. Bg5 Qb6 7. Qc2 g6 8. e4 Ng7 9. Be2 Ne6 10. Be3 c5 11. Nd5 Qc6 12. Rd1 Bg7 13. dxc5 Nexc5 14. b4 Qa4 15. Qxa4 Nxa4 16. Nc7+ Kd8 17. Nxa8 b6 18. Ng5 Bb7 19. Nxf7+ Kc8 20. Nxb6+ axb6 21. Nxh8 Bxh8 22. Bd4 e5 23. Ba1 Kc7 24. f3 Nb8 25. Rd3 Bf6 26. Ra3 b5 27. cxb5 Nb6 28. Kf2 Bh4+ 29. g3 Bg5 30. h4 Be7 31. h5 g5 32. Rc1+ Kd8 33. Ra7 1-0

[Event "Manaus Amazonense-ch"]
[Site "Manaus"]
[Date "2015.09.20"]
[Round "5"]
[White "Souza Neves, Andrey Marcelo"]
[Black "Mousse Neto, Sebastiao Alberto"]
[Result "0-1"]
[WhiteElo "2199"]
[BlackElo "2037"]
[PlyCount "66"]
[EventDate "2015.09.12"]
[EventType "swiss"]
[EventRounds "7"]
[EventCountry "BRA"]
[SourceTitle "EXT 2016"]
[Source "ChessBase"]
[SourceDate "2015.10.08"]
[SourceVersion "1"]
[SourceVersionDate "2015.10.08"]
[SourceQuality "1"]

1. d4 Nf6 2. Nf3 g6 3. c4 c5 4. d5 b5 5. cxb5 a6 6. b6 d6 7. Nc3 Bg7 8. e4 0-0 9. a4 Qxb6 10. a5 Qb7 11. Nd2 Nbd7 12. Nc4 Ne8 13. Be2 Nc7 14. 0-0 Nb5 15. Na4 Nd4 16. Nab6 Nxb6 17. Nxb6 Ra7 18. Be3 Bd7 19. Bc4 Bb5 20. Rc1 Bxc4 21. Rxc4 e5 22. b4 cxb4 23. Rxb4 f5 24. exf5 Rxf5 25. Qd2 Rf8 26. Bxd4 exd4 27. f4 Qf7 28. g3 Qf5 29. Rc4 Re7 30. Rd1 Rfe8 31. Rc2 Qh5 32. Rc8 Rxc8 33. Nxc8 Re2 0-1

[Event "Manaus Amazonas zt"]
[Site "Manaus"]
[Date "2015.05.31"]
[Round "6"]
[White "Farias, Igor Borge Cardoso"]
[Black "Mousse Neto, Sebastiao Alberto"]
[Result "1/2-1/2"]
[WhiteElo "1858"]
[BlackElo "2070"]
[PlyCount "79"]
[EventDate "2015.05.23"]
[EventType "swiss"]
[EventRounds "6"]
[EventCountry "BRA"]
[SourceTitle "EXT 2016"]
[Source "ChessBase"]
[SourceDate "2015.10.08"]
[SourceVersion "1"]
[SourceVersionDate "2015.10.08"]
[SourceQuality "1"]

1. c4 g6 2. g3 Bg7 3. Bg2 c5 4. Nf3 Nc6 5. 0-0 e6 6. e3 Nge7 7. d4 cxd4 8. Nxd4 Nxd4 9. exd4 d5 10. cxd5 Nxd5 11. Nc3 Ne7 12. Be3 0-0 13. Qa4 Nf5 14. Rad1 Qb6 15. Qb5 Rd8 16. Qxb6 axb6 17. d5 Nxe3 18. fxe3 Bh6 19. e4 Bg7 20. Rd2 Bd7 21. Rfd1 Rdc8 22. dxe6 Bxe6 23. Nd5 Bf8 24. a3 Rc6 25. e5 Bc5+ 26. Kh1 Bxd5 27. Bxd5 Rc7 28. e6 fxe6 29. Bxe6+ Kg7 30. Rd7+ Rxd7 31. Rxd7+ Kf6 32. Bb3 h5 33. Rxb7 Re8 34. Rf7+ Kg5 35. Bc4 Re4 36. Rf4 Rxf4 37. gxf4+ Kxf4 38. Kg2 g5 39. h3 Ke3 40. a4 1/2-1/2

[Event "Manaus Amazonas zt"]
[Site "Manaus"]
[Date "2015.05.24"]
[Round "2"]
[White "Mousse Neto, Sebastiao Alberto"]
[Black "Vicuna, Frayser Serquen"]
[Result "1-0"]
[WhiteElo "2070"]
[BlackElo "1632"]
[PlyCount "91"]
[EventDate "2015.05.23"]
[EventType "swiss"]
[EventRounds "6"]
[EventCountry "BRA"]
[SourceTitle "EXT 2016"]
[Source "ChessBase"]
[SourceDate "2015.10.08"]
[SourceVersion "1"]
[SourceVersionDate "2015.10.08"]
[SourceQuality "1"]

1. e4 c5 2. Nf3 g6 3. c3 Bg7 4. d4 cxd4 5. cxd4 e6 6. Nc3 Ne7 7. Be2 0-0 8. 0-0 d5 9. e5 Nbc6 10. Bg5 a6 11. Qd2 Bd7 12. Rfe1 f6 13. exf6 Bxf6 14. Bxf6 Rxf6 15. Na4 Nf5 16. Nc5 Qc7 17. Rac1 Nd6 18. Bd3 Raf8 19. Ne5 Bc8 20. f3 Qe7 21. Nxc6 bxc6 22. Bxa6 Bxa6 23. Nxa6 Nc4 24. Qc3 Qa7 25. Nc5 e5 26. b3 exd4 27. Qxd4 Rf4 28. Qf2 Nd6 29. Ne6 Qxf2+ 30. Kxf2 Ne4+ 31. Kg1 Rxf3 32. gxf3 Rxf3 33. Rxc6 Rf5 34. Rc7 Ng5 35. Nxg5 Rxg5+ 36. Kh1 Rf5 37. Re8+ Rf8 38. Rxf8+ Kxf8 39. Kg2 d4 40. b4 d3 41. Kf2 Ke8 42. b5 d2 43. Ke2 Kd8 44. b6 h5 45. Rh7 g5 46. b7 1-0

[Event "Amazonas-ch final"]
[Site "Manaus"]
[Date "2014.08.30"]
[Round "5"]
[White "Mousse Neto, Sebastiao Alberto"]
[Black "Bezerra, Fabiano de Oliveira"]
[Result "1-0"]
[WhiteElo "2098"]
[BlackElo "1927"]
[PlyCount "111"]
[EventDate "2014.08.16"]
[EventType "swiss"]
[EventRounds "9"]
[EventCountry "BRA"]
[SourceTitle "EXT 2018"]
[Source "ChessBase"]
[SourceDate "2017.10.13"]
[SourceVersion "1"]
[SourceVersionDate "2017.10.13"]
[SourceQuality "1"]

1. e4 e6 2. d4 d5 3. exd5 exd5 4. c4 Nf6 5. Bd3 dxc4 6. Bxc4 Bf5 7. Ne2 Bd6 8. Nbc3 a6 9. Qb3 0-0 10. Qxb7 Nbd7 11. 0-0 a5 12. Ng3 Bg6 13. f4 Nb6 14. Bb5 Bb4 15. Rd1 Ng4 16. Qf3 f5 17. a3 Be7 18. Bc6 Rb8 19. Nce4 Nxh2 20. Kxh2 fxe4 21. Nxe4 Bf7 22. Nc5 Bd6 23. Kg1 Qe7 24. Ne4 Nc4 25. Nxd6 Nxd6 26. Bd5 a4 27. Rb1 Kh8 28. Bxf7 Qxf7 29. d5 Qf5 30. Qd3 Ne4 31. Re1 Rfe8 32. Bd2 Rb3 33. Bc3 Qxf4 34. Qf3 Qxf3 35. gxf3 Nd6 36. Rxe8+ Nxe8 37. Re1 Rb8 38. Kf2 Kg8 39. Ke3 Kf7 40. Kd4 Rb5 41. Bb4 Nf6 42. Re5 h5 43. Kc4 Rb7 44. Re7+ Kg6 45. d6 h4 46. dxc7 Rxc7+ 47. Rxc7 h3 48. Kb5 Nd5 49. Rc4 Kf5 50. Rh4 Nf4 51. Bd6 Nd3 52. Kxa4 Nxb2+ 53. Kb5 Ke6 54. Rd4 g5 55. Bg3 Kf5 56. Rd2 1-0

[Event "Manaus op 1st"]
[Site "Manaus"]
[Date "2014.08.10"]
[Round "4.5"]
[White "Da Silva, Mikhail Zoltan Iwan"]
[Black "Mousse Neto, Sebastiao Alberto"]
[Result "1-0"]
[WhiteElo "2032"]
[BlackElo "2098"]
[PlyCount "67"]
[EventDate "2014.08.08"]
[EventType "swiss"]
[EventRounds "4"]
[EventCountry "BRA"]
[SourceTitle "EXT 2022"]
[Source "ChessBase"]
[SourceDate "2021.10.06"]
[SourceVersion "1"]
[SourceVersionDate "2021.10.06"]
[SourceQuality "1"]

1. e4 c5 2. Nc3 Nc6 3. Nge2 g6 4. g3 Bg7 5. Bg2 d6 6. 0-0 e5 7. f4 Nge7 8. d3 0-0 9. Nd5 Nxd5 10. exd5 Ne7 11. fxe5 dxe5 12. c4 Rb8 13. Be3 b6 14. Rb1 Qd6 15. Nc3 a6 16. Ne4 Qd8 17. b4 cxb4 18. Rxb4 Nf5 19. Bf2 Nd4 20. c5 a5 21. Rb1 Ba6 22. c6 f5 23. Nc3 b5 24. Bxd4 exd4 25. Ne2 Be5 26. Qb3 Kh8 27. Nf4 Bc8 28. Rfe1 Qd6 29. Re2 Rf7 30. Qb2 Ba6 31. Rbe1 Bf6 32. Re6 Qc5 33. c7 Ra8 34. Rxa6 1-0

[Event "BRA Region North-ch"]
[Site "Manaus"]
[Date "2010.10.??"]
[Round "4"]
[White "Reis, Renan do Carmo"]
[Black "Mousse Neto, Sebastiao Alberto"]
[Result "1/2-1/2"]
[WhiteElo "2245"]
[BlackElo "2005"]
[PlyCount "80"]
[EventDate "2010.10.09"]
[EventType "swiss"]
[EventRounds "7"]
[EventCountry "BRA"]
[SourceTitle "EXT 2022"]
[Source "ChessBase"]
[SourceDate "2021.10.06"]
[SourceVersion "1"]
[SourceVersionDate "2021.10.06"]
[SourceQuality "1"]

1. e4 c5 2. Nf3 d6 3. d4 cxd4 4. Nxd4 Nf6 5. Nc3 g6 6. Be3 Bg7 7. f3 0-0 8. Qd2 Nc6 9. Bc4 Bd7 10. 0-0-0 Ne5 11. Bb3 Qa5 12. Kb1 Rfc8 13. Bg5 Rc5 14. h4 Rac8 15. Bxf6 Bxf6 16. Nd5 Qxd2 17. Rxd2 Kg7 18. h5 Bg5 19. f4 Rxd5 20. Bxd5 Bxf4 21. Rdd1 Bg4 22. Rdf1 Be3 23. c3 e6 24. Bxb7 Rb8 25. Ba6 Rb6 26. Nc2 Bc5 27. b4 Bxh5 28. Rxh5 gxh5 29. Be2 a5 30. a3 Rb8 31. Bxh5 Bb6 32. Rd1 Rd8 33. Be2 Kf6 34. Kb2 Kg5 35. Rh1 Kf4 36. Rxh7 Kxe4 37. Rh4+ Kd5 38. Bb5 Ng6 39. Rh7 Ne5 40. Rh4 Ng6 1/2-1/2